00295nam a22000857a 4500082001600000100002200016245010600038260004300144300002200187 a344.0095491 aKhan, Faraz Ahmed aManual of Labour Laws in Pakistan:b(with all Amendments and up to date Case Law) /cFaraz Ahmed Khan aLahore :bImran Law Book House,c2021. a2268 p. ;c24 cm.